Eastern Utah Libraries Catalog: Duchesne, Heber, Roosevelt, & Vernal

Local woman missing / (Record no. 361015)

MARC details
000 -LEADER
fixed length control field 01929nam a2200397 i 4500
001 - CONTROL NUMBER
control field BK0027885083
005 - DATE AND TIME OF LATEST TRANSACTION
control field 20250708113243.0
008 - FIXED-LENGTH DATA ELEMENTS--GENERAL INFORMATION
fixed length control field 211029r20212021onc 000 1 eng d
010 ## - LIBRARY OF CONGRESS CONTROL NUMBER
LC control number bl2021027448
020 ## - INTERNATIONAL STANDARD BOOK NUMBER
International Standard Book Number 9780778311669
Terms of availability 16.99
020 ## - INTERNATIONAL STANDARD BOOK NUMBER
International Standard Book Number 9780778387732
Qualifying information collector's edition
020 ## - INTERNATIONAL STANDARD BOOK NUMBER
International Standard Book Number 077831166X : PAP
Terms of availability 16.99
Qualifying information pbk.
037 ## - SOURCE OF ACQUISITION
Source of stock number/acquisition Harlequin Books, C/O Harpercollins 53 Glenmaura National Blvd Ste 300, Moosaic, PA, USA, 18507-2132
Note SAN 200-2086
040 ## - CATALOGING SOURCE
Original cataloging agency NjBwBT
Language of cataloging eng
Transcribing agency NjBwBT
Description conventions rda
050 14 - LIBRARY OF CONGRESS CALL NUMBER
Classification number PS3611.U23
Item number L63 2021d
082 04 - DEWEY DECIMAL CLASSIFICATION NUMBER
Classification number 813/.6
Edition number 23/eng/20220121
092 ## - LOCALLY ASSIGNED DEWEY CALL NUMBER (OCLC)
Classification number fiction
Item number Kubica, Mary
100 1# - MAIN ENTRY--PERSONAL NAME
Personal name Kubica, Mary,
Relator term author.
9 (RLIN) 5751268
245 10 - TITLE STATEMENT
Title Local woman missing /
Statement of responsibility, etc Mary Kubica.
264 #1 - Production, Publication, Distribution, Manufacture, and Copyright Notice.
Place of production, publication, distribution, manufacture Toronto, Ontario, Canada :
Name of producer, publisher, distributor, manufacturer Park Row Books,
Date of production, publication, distribution, manufacture, or copyr 2021.
300 ## - PHYSICAL DESCRIPTION
Extent 378 pages ;
Dimensions 21 cm
336 ## - Content Type
Content type term text
337 ## - Media type
Media type term unmediated
338 ## - Carrier type
Carrier type term volume
500 ## - GENERAL NOTE
General note Includes reader's guide.
520 ## - SUMMARY, ETC.
Summary, etc "Shelby Tebow is the first to go missing. Not long after, Meredith Dickey and her six-year-old daughter, Delilah, vanish just blocks away from where Shelby was last seen, striking fear into their once-peaceful community. Are these incidents connected? After an elusive search that yields more questions than answers, the case eventually goes cold. Now, eleven years later, Delilah shockingly returns. Everyone wants to know what happened to her, but no one is prepared for what they'll find"--
650 #0 - SUBJECT ADDED ENTRY--TOPICAL TERM
Topical term or geographic name as entry element Missing persons
Form subdivision Fiction.
650 #0 - SUBJECT ADDED ENTRY--TOPICAL TERM
Topical term or geographic name as entry element Secrecy
Form subdivision Fiction.
9 (RLIN) 5674238
655 #7 - INDEX TERM--GENRE/FORM
Genre/form data or focus term Psychological fiction.
Source of term lcgft
9 (RLIN) 5673631
655 #7 - INDEX TERM--GENRE/FORM
Genre/form data or focus term Domestic fiction.
Source of term lcgft
655 #7 - INDEX TERM--GENRE/FORM
Genre/form data or focus term Thrillers (Fiction)
Source of term lcgft
9 (RLIN) 5697221
655 #7 - INDEX TERM--GENRE/FORM
Genre/form data or focus term Novels.
Source of term lcgft
775 08 - OTHER EDITION ENTRY
Display text Reproduction of (manifestation):
775 08 - OTHER EDITION ENTRY
Main entry heading Kubica, Mary.
Title Local woman missing
Place, publisher, and date of publication Toronto, Ontario, Canada : Park Row Books, [2021]
International Standard Book Number 9780778389446
942 ## - ADDED ENTRY ELEMENTS (KOHA)
Source of classification or shelving scheme Dewey Decimal Classification
Koha item type BOOK
Holdings
Withdrawn status Lost status Source of classification or shelving scheme Damaged status Not for loan Collection code Home library Current library Shelving location Date acquired Source of acquisition Total Checkouts Total Renewals Full call number Barcode Date last seen Date checked out Cost, replacement price Price effective from Koha item type
    Dewey Decimal Classification     Fiction Wasatch County Library Wasatch County Library First Floor 07/08/2025 Donation 4 5 F Kubica 34301002118042 02/19/2026 01/30/2026 30.00 07/08/2025 BOOK
This project was made possible through a grant from the Institute of Museum and Library Service administered by the Utah State Library Division.

Wasatch County Library

  • 465 East 1200 South, Heber City, Utah 84032
  • Phone 435-654-1511 | Fax 435-654-6456

Hours

  • Monday - Friday 9:30 AM - 8:00 PM
  • Saturday 9:30 AM - 1:30 PM
  • Closed Sundays and Holidays